000 00699nam a2200229 4500
003 OSt
005 20260530115305.0
008 260507b2000 |||aeo|| |||| 001 0 eng d
020 _a9589691765
040 _aICI
_bspa
_cICI
050 _aHT166
_bT35 2000
245 1 0 _aTaller del Espacio Público:
_bProyectos 1998-2000
264 1 _bDepartamento Administrativo de Planeación Distrital
_c2000
_aBogotá, Colombia
300 _a177 páginas
336 _atexto
_2rdacontent
337 _asin medio
_2rdamedia
338 _avolumen
_2rdacarrier
650 _aUrbanismo
_9788
650 _aCiudades y pueblos
_xDesarrollo
700 _aAna Piedad Jaramillo
_eCoordinador
_931860
942 _2lcc
_cBK
_n1
999 _c13057
_d13057